Notas sobre consumo, inversión y demanda efectiva (Registro nro. 24364)

Detalles MARC
000 -LEADER
fixed length control field 00351 a2200109 4500
001 - CONTROL NUMBER
control field ART_8529
005 - DATE AND TIME OF LATEST TRANSACTION
control field 20260410161844.0
008 - FIXED-LENGTH DATA ELEMENTS--GENERAL INFORMATION
fixed length control field 260409a
100 1# - MAIN ENTRY--PERSONAL NAME
Personal name Garegnani, Pierangelo
245 10 - TITLE STATEMENT
Title Notas sobre consumo, inversión y demanda efectiva
773 0# - HOST ITEM ENTRY
Title El trimestre económico
Related parts - Vol. XLIV, Nº 175 (jul./set. 1977)
Record control number REV6933

No hay ítems disponibles.